Geological report on Wayne County, (Record no. 25378)

MARC details
000 -LEADER
fixed length control field 00889cam a22002291 4500
001 - CONTROL NUMBER
control field gs 14000532
003 - CONTROL NUMBER IDENTIFIER
control field DLC
005 - DATE AND TIME OF LATEST TRANSACTION
control field 20260227111316.0
008 - FIXED-LENGTH DATA ELEMENTS--GENERAL INFORMATION
fixed length control field 760803s1913 xx 000 0 eng
010 ## - LIBRARY OF CONGRESS CONTROL NUMBER
LC control number gs 14000532
035 ## - SYSTEM CONTROL NUMBER
System control number (OCoLC)2351846
040 ## - CATALOGING SOURCE
Original cataloging agency DLC
Transcribing agency OTU
Modifying agency DLC
042 ## - AUTHENTICATION CODE
Authentication code premarc
050 00 - LIBRARY OF CONGRESS CALL NUMBER
Classification number QE125
Item number .A4 no. 9
100 1# - MAIN ENTRY--PERSONAL NAME
Personal name Sherzer, William Hittell,
Dates associated with a name 1860-
245 00 - TITLE STATEMENT
Title Geological report on Wayne County,
Statement of responsibility, etc. by W. H. Sherzner.
260 ## - PUBLICATION, DISTRIBUTION, ETC.
Place of publication, distribution, etc. Lansing, Mich.,
Name of publisher, distributor, etc. Wynkoop Hallenbeck Crawford co., state printers,
Date of publication, distribution, etc. 1913.
300 ## - PHYSICAL DESCRIPTION
Extent 388 p.
Other physical details illus., plates, 2 fold. maps (in pocket) double plan, diagrs.
Dimensions 24 cm.
490 0# - SERIES STATEMENT
Series statement Michigan. Geological and biological survey. Publication 12. Geological series 9
500 ## - GENERAL NOTE
General note Published as a part of the Annual report of the Board of geological and biological survey for 1911.
650 #0 - SUBJECT ADDED ENTRY--TOPICAL TERM
Topical term or geographic name entry element Geology
Geographic subdivision Michigan
-- Wayne County.

No items available.

Powered by Koha